000 01137nam a2200337 i 4500
003 EG-GICUC
005 20260428093952.0
008 260428s1971 fr |fr|||| 000 0 fre d
040 _aEG-GiCUC
_bfre
_cEG-GiCUC
_dEG-GiCUC
_eRda
041 0 _afre
082 0 4 _221
_a343.83
_bAU . D
092 0 4 _221
099 _aLaw1 10 343.83 AU . D 1971
100 1 _aAuby, Jean-marie
_eAuteur
245 1 0 _aDroit Pharmaceutique /
_cPar Jean-marie Auby, Georges Dillemann, Frank Coustou, Jacques Bernays, Hauser; Sous La Direction De Jam. Auby.
264 1 _aParis :
_bLibrairies Techniques,
_c1971.
300 _apagination diverse,
_c 24 cm.
336 _2rda contenu
_a texte
337 _2rda medias
_aOrdinateur
338 _2 transporteur rda
_a Ressource en ligne
504 _a
546 _aTexte en français
650 1 4 _aDroit pénal
700 1 _aDillemann, Georges
_eCo-Auteur
700 1 _aCoustou, Frank
_eCo-Auteur
700 1 _aBernays, Jacques
_eCo-Auteur
700 1 _aHauser, Colette
_eCo-Auteur
856 4 0 _uhttps://fll.law.cu.edu.eg/fulltext/bks/B10-11690.pdf
905 _a48
942 _2ddc
_cBK
_e21
_n0
999 _c73783
_d73783